[Event "Rio de Janeiro Motta Memorial 2nd"]
[Site "Rio de Janeiro"]
[Date "2018.03.13"]
[Round "4"]
[White "Patricio, Sergio"]
[Black "Weibull, Oscar Fritiof Torb"]
[Result "1/2-1/2"]
[WhiteElo "1929"]
[BlackElo "1768"]
[PlyCount "106"]
[EventDate "2018.02.20"]
[EventType "swiss"]
[EventRounds "6"]
[EventCountry "BRA"]
[SourceTitle "CBM 183 Extra"]
[Source "ChessBase"]
[SourceDate "2018.04.19"]
[SourceVersion "1"]
[SourceVersionDate "2018.04.19"]
[SourceQuality "1"]

1. d4 d5 2. c4 Nf6 3. Nc3 e6 4. Bg5 c5 5. Nf3 Nc6 6. e3 Be7 7. Be2 0-0 8. 0-0 b6 9. cxd5 exd5 10. Rc1 c4 11. b3 Ba6 12. bxc4 dxc4 13. Qa4 Na5 14. Ne5 Bb7 15. Bxc4 Nxc4 16. Qxc4 Rc8 17. Qa4 a6 18. Bxf6 Bxf6 19. Nd7 Bc6 20. Nxf6+ Qxf6 21. Qxa6 Qg5 22. e4 f5 23. d5 Ba8 24. f4 Qf6 25. e5 Qd8 26. d6 Qh4 27. Qe2 g5 28. Qf2 Qh5 29. fxg5 f4 30. a4 Qxg5 31. Qa2+ Kh8 32. e6 Qc5+ 33. Qf2 Qxd6 34. Nb5 Qxe6 35. Qd4+ Kg8 36. Nc7 Qe3+ 37. Qxe3 fxe3 38. Rxf8+ Rxf8 39. Re1 Bc6 40. Rxe3 Bxa4 41. Re7 Rf7 42. Rxf7 Kxf7 43. Kf2 b5 44. Ke2 b4 45. Kd2 b3 46. Kc3 Kg6 47. Na6 Bc6 48. g3 Bd5 49. Nc5 Kf5 50. h3 h5 51. Nd3 Ke4 52. g4 hxg4 53. hxg4 Bg8 1/2-1/2

[Event "Rio de Janeiro Motta Memorial 2nd"]
[Site "Rio de Janeiro"]
[Date "2018.03.06"]
[Round "3"]
[White "Pereira, Emmanuel"]
[Black "Patricio, Sergio"]
[Result "1-0"]
[WhiteElo "1681"]
[BlackElo "1929"]
[PlyCount "89"]
[EventDate "2018.02.20"]
[EventType "swiss"]
[EventRounds "6"]
[EventCountry "BRA"]
[SourceTitle "CBM 183 Extra"]
[Source "ChessBase"]
[SourceDate "2018.04.19"]
[SourceVersion "1"]
[SourceVersionDate "2018.04.19"]
[SourceQuality "1"]

1. e4 c5 2. f4 d6 3. Nf3 Nc6 4. d3 Nf6 5. Be2 g6 6. c3 Bg7 7. Be3 Ng4 8. Bd2 Qb6 9. Qc1 e5 10. h3 Nf6 11. Na3 Nh5 12. Nc4 Qc7 13. fxe5 dxe5 14. Kf2 Be6 15. Ng5 Bxc4 16. dxc4 Nf6 17. Bd3 Rd8 18. Bc2 0-0 19. Nf3 Rfe8 20. Re1 Rd6 21. Bh6 Bh8 22. Qe3 b6 23. Rad1 Red8 24. Rxd6 Rxd6 25. Ba4 Ne8 26. g4 Qe7 27. Bg5 Qe6 28. Bh4 Qxc4 29. Bb3 Qd3 30. Ng5 Qxe3+ 31. Kxe3 Nd8 32. Rf1 Bf6 33. Nf3 Bxh4 34. Nxh4 Kg7 35. Nf3 Nc6 36. Ba4 f6 37. g5 Kf7 38. Bxc6 Nc7 39. Bd5+ Nxd5+ 40. exd5 Rxd5 41. Ke4 Rd8 42. Nxe5+ Ke6 43. gxf6 Rf8 44. f7 g5 45. Rg1 1-0